LEADER 01162nam 2200361Ia 450 001 996385881803316 005 20221108100248.0 035 $a(CKB)1000000000603726 035 $a(EEBO)2240893188 035 $a(OCoLC)15194515 035 $a(EXLCZ)991000000000603726 100 $a19870213d1698 uy | 101 0 $aeng 135 $aurbn#|||a|bb| 200 10$aAristotle's masterpiece compleated$b[electronic resource] $ein two parts .. 210 $aLondon $cPrinted by B.H.$d1698 215 $a[7], 182 p. $cill 300 $aEntry for A3689B cancelled in Wing (2nd ed.). 300 $aReproduction of original in the Glasgow University Library. 327 $aThe secrets of generation -- A private looking-glass for the famale sex. 330 $aeebo-0166 606 $aHuman reproduction$vEarly works to 1800 606 $aGynecology$vEarly works to 1800 615 0$aHuman reproduction 615 0$aGynecology 700 $aAristotle$cpseud.$01011266 801 0$bEAJ 801 1$bEAJ 801 2$bWaOLN 906 $aBOOK 912 $a996385881803316 996 $aAristotle's masterpiece compleated$92342129 997 $aUNISA